Statistiques concernant Noms des départements français et leur forme (AVEC CARTE VIERGE)

Cliquez ici pour prendre le quiz!

Statistiques générales

  • Ce quiz a été pris 105 fois
  • Le résultat moyen est 90 sur 101

Réponses sur la Carte

Les réponses sont colorées sur une échelle allant du rouge au vert en fonction du pourcentage des utilisateurs qui les ont devinées à leur premier essai. Vous pouvez retrouver ces pourcentages ci-dessous.
 

Statistiques - réponses

Départements% Correct
21Côte-d'Or
92%
26Drôme
92%
27Eure
92%
33Gironde
92%
92Hauts-de-Seine
92%
38Isère
92%
976Mayotte
92%
54Meurthe-et-Moselle
92%
75Paris
92%
76Seine-Maritime
92%
94Val-de-Marne
92%
84Vaucluse
92%
03Allier
91%
07Ardèche
91%
08Ardennes
91%
11Aude
91%
67Bas-Rhin
91%
14Calvados
91%
17Charente-Maritime
91%
18Cher
91%
19Corrèze
91%
2ACorse-du-Sud
91%
30Gard
91%
2BHaute-Corse
91%
05Hautes-Alpes
91%
70Haute-Saône
91%
68Haut-Rhin
91%
39Jura
91%
40Landes
91%
42Loire
91%
44Loire-Atlantique
91%
45Loiret
91%
47Lot-et-Garonne
91%
50Manche
91%
51Marne
91%
972Martinique
91%
58Nièvre
91%
60Oise
91%
61Orne
91%
64Pyrénées-Atlantiques
91%
80Somme
91%
81Tarn
91%
85Vendée
91%
78Yvelines
91%
01Ain
89%
02Aisne
89%
04Alpes-de-Haute-
Provence
89%
06Alpes-Maritimes
89%
09Ariège
89%
12Aveyron
89%
16Charente
89%
22Côtes-d'Armor
89%
24Dordogne
89%
25Doubs
89%
91Essonne
89%
29Finistère
89%
32Gers
89%
971Guadeloupe
89%
973Guyane
89%
34Hérault
89%
35Ille-et-Vilaine
89%
37Indre-et-Loire
89%
974La Réunion
89%
41Loir-et-Cher
89%
59Nord
89%
62Pas-de-Calais
89%
63Puy-de-Dôme
89%
66Pyrénées-Orientales
89%
69Rhône (et
métropole de Lyon)
89%
71Saône-et-Loire
89%
72Sarthe
89%
73Savoie
89%
77Seine-et-Marne
89%
90Territoire de Belfort
89%
95Val-d'Oise
89%
83Var
89%
86Vienne
89%
10Aube
88%
13Bouches-du-Rhône
88%
15Cantal
88%
23Creuse
88%
79Deux-Sèvres
88%
31Haute-Garonne
88%
43Haute-Loire
88%
74Haute-Savoie
88%
65Hautes-Pyrénées
88%
87Haute-Vienne
88%
36Indre
88%
46Lot
88%
48Lozère
88%
49Maine-et-Loire
88%
53Mayenne
88%
55Meuse
88%
56Morbihan
88%
57Moselle
88%
93Seine-Saint-Denis
88%
82Tarn-et-Garonne
88%
88Vosges
88%
89Yonne
88%
28Eure-et-Loir
86%
52Haute-Marne
86%

Distribution des résultats

Percentile par nombre de réponses

% des personnes avec chaque résultat

Votre développement - résultats

Vous n’avez pas pris ce quiz